1916 1679 1391 1006 1711 1132 1598 1976 1357 1567 1483 1011 1075 1046 1242 1225 1430 1034 1993 1498 1977 1193 1100 1544 1209 1474 1870 1774 1885 1152 1767 1286 1282 1016 1362 1978 1144 1913 1340 1703 1568 1242 1662 1382 1836 1675 1912 1798 1282 1469 1328 1983 1618 1718 1352 1508 1598 1357 1767 1808 1272 1203 1444 1379 1816 1371 1294 1617 1250 1870 1757 1522 1128 1615 1617 1497 1906 1074 1702 1077 1300 1662 1803 1507 1614 1655 1755 1724 1054 1778 1763 1561 1976 1018 1087 1195 1545 1984 1135 BCNSPRNW ULIB Ver.6.0+V

เปลี่ยนเป็นภาษาไทย

Change to English
 แสดงรายละเอียดบรรณานุกรม
  กลับหน้าหลัก

Brief Record : Get Marc (ISO 2709) : E-mail record : QR code < ปิดหน้าต่าง
LEADER : 00000nam 2200000uu 4500
001    13399113622
003     ULIB
008    111201s2553||||th 000 0 tha d
020    ^a9786165000529
090    ^aนว.^bพ941ป 2553
100 0  ^aแพรณัฐ
245 00 ^aเปลวไฟในสายลม/^cแพรณัฐ
250    ^aพิมพ์ครั้งที่ 2
260    ^aกรุงเทพฯ :^bพิมพ์คำ,^c2553
300    ^a400 หน้า
710 1  ^aพิมพ์คำ
945    ^p260^l0^i17048
995    ^aกัณชพร
999    ^aใช้งานได้ทุกระบบ
รายการนี้ยังไม่มีแท็ก
คุณยังไม่ได้ล็อกอิน คุณสามารถมีกิจกรรมร่วมกับเว็บไซต์ได้ แต่ต้องล็อกอินก่อน ::
  ล็อกอิน

รายการสื่อสารสนเทศ

ลำดับที่ ประเภท เลขเรียก/บาร์โค้ด สถานที่ สถานะ
1. นวนิยาย
นวนิยาย
นว. พ941ป 2553 ฉ.1 
  Barcode: 17048
ห้องสมุดวิทยาเขตสวรรค์ประชารักษ์
►นวนิยาย
บนชั้น
  ขอยืม

รายการใกล้เคียง
    ผู้แต่ง [แพรณัฐ]

BibComment


ยังไม่เคยถูกคอมเมนท์

คอมเมนท์ทรัพยากรรายการนี้
  คอมเมนท์: เปลวไฟในสายลม แพ..


 Copyright 2026. Bcnsprnw @Library